01311nab a22002417a 4500999001500000003000400015005001700019008004100036040000700077100002700084245014000111260004200251300001100293500003700304505036800341505008900709650002600798650002800824650003400852650004900886773012100935942001301056 c6547d6547OSt20260223135221.0190506c xxu||||| |||| 00| 0 spa d cPJ 97135aFantini, Alberto10aGénero y ambiente en la Argentina. Plan de adaptación y mitigación para el cambio climático en la Argentina /cAlberto Fantini. aBuenos Aires :bAbeledoPerrot,c2024. ap. 3-8 aCita: TR LALEY AR/DOC/1018/2024. aSumario: I. Introducción.— II. Ley 27.270: de aprobación del acuerdo de París de 2015.— III. Ley 27.520 de presupuestos mínimos de adaptación y mitigación al cambio climático global.— IV. Incorporación del enfoque de género.— V. Líneas estratégicas.— VI. Enfoques transversales.— VII. Líneas de acción.— VIII. Conclusiones. t¿Te interesa el texto completo? Comunicate al correo: koha@justierradelfuego.gov.ar 091316aDERECHO LABORAL 092848aDERECHO AMBIENTAL 094044aPERSPECTIVA DE GÉNERO 094925aORGANIZACION INTERNACIONAL DEL TRABAJO0 0275193202dBuenos Aires : AbeledoPerrot, 2013-tRevista de derecho laboral y seguridad social. Nº 11 - Junio 2024 2udccANA